Handball Europameister Männer - Statistiken

Allgemein
  • Dieses Quiz wurde 267 mal gespielt
    203 seit der letzten Aktualisierung
  • Das Durchschnittsergebnis liegt bei 11 aus 15
Antwortstatistiken
Jahr Land % Korrekt
2016 Deutschland
86%
2022 Schweden
81%
2018 Spanien
80%
2020 Spanien
77%
2014 Frankreich
76%
1994 Schweden
75%
2010 Frankreich
72%
2004 Deutschland
70%
2012 Dänemark
68%
2006 Frankreich
67%
2008 Dänemark
64%
1998 Schweden
64%
2002 Schweden
62%
2000 Schweden
60%
1996 Russland
56%
Keine übereinstimmenden Quizze gefunden
Verteilung der Resultate
Anzahl Personen mit jedem Resultat
Perzentil nach korrekt beantworteten Fragen
Ihre Resultats-Entwicklung
Sie haben dieses Quiz seit der letzten Aktualisierung nicht gespielt